Dopad finančnej krízy na komerčné banky v USA bakalárska práca

Salvato in:
Dettagli Bibliografici
Autore principale: Hriciková, Alena
Ente Autore: Národohospodárska fakulta EU. Katedra bankovníctva a medzinárodných financií
Altri autori: Töröková, Zuzana
Natura: Libro
Lingua:slovacco
Pubblicazione: Bratislava 2013
Tags: Aggiungi Tag
Nessun Tag, puoi essere il primo ad aggiungerne!!

MARC

LEADER 00000nbm a2200000 4500
001 0172417
005 20161109112050.5
041 0 |a slo 
044 |a SK 
245 1 0 |a Dopad finančnej krízy na komerčné banky v USA  |b bakalárska práca  |c Alena Hriciková ; školiteľ: Zuzana Töröková 
264 1 |a Bratislava  |c 2013 
300 |a 50 s. 
100 1 |a Hriciková, Alena 
700 1 |a Töröková, Zuzana 
710 2 |a Národohospodárska fakulta EU. Katedra bankovníctva a medzinárodných financií